| 000 | 00994nam a22002657a 4500 | ||
|---|---|---|---|
| 005 | 20240530110855.0 | ||
| 008 | 211005s2014 jo hkf g b 000 0 ara d | ||
| 017 |
_b2014/10/4862 _aالاردن. المكتبة الوطنية |
||
| 020 | _a9789957010508 | ||
| 040 |
_aEG-CaGPL _cEG-CaGPL |
||
| 082 | 0 | 4 |
_221 _a915.691/ _bى ق |
| 100 | 0 | _aياسر مجدى الخالدى | |
| 245 | 1 | 2 |
_aالقدس : _bتتحدث عن نفسها = Jerusalem : Speaks for itself / _cياسر مجدى الخالدى |
| 246 | 1 | 1 |
_aJerusalem : _bSpeaks for itself |
| 250 | _aط 1. | ||
| 260 |
_aعمان : _bالرائد للنشر والتوزيع، _c2014. |
||
| 300 |
_a201 ص. : _bصور ؛ _c30 سم. |
||
| 504 | _aيشتمل على ارجاعات ببليوجرافية | ||
| 650 | 0 | 7 |
_2qrmak _aالقدس _xجغرافيا |
| 650 | 0 | 7 |
_2qrmak _aالقدس _xوصف ورحلات |
| 650 | 0 | 7 |
_2qrmak _aفلسطين _xوصف ورحلات |
| 651 | _2qrmak | ||
| 942 |
_2ddc _cBK |
||
| 999 |
_c66032 _d66032 |
||